000 00269nam a22001337a 4500
020 _a0-19-565816-7
082 _a822
_bSOP/O
100 _aSOPHOCLES
245 _aOEDIPUS THE KING
260 _aCHENNAI
_bOXFORD
300 _a74
650 _aPLAY
_zCHENNAI
942 _cBK
999 _c3521
_d3521